Normal view
MARC view
Entry Topical Term
001 - CONTROL NUMBER
- control field: 19478
003 - CONTROL NUMBER IDENTIFIER
- control field: dpl
005 - DATE AND TIME OF LATEST TRANSACTION
- control field: 20100910141432.0
008 - FIXED-LENGTH DATA ELEMENTS
- fixed length control field: 100910|||a|||||| | ||| d
040 ## - CATALOGING SOURCE
- Original cataloging agency: dpl
- Transcribing agency: dpl
150 ## - HEADING--TOPICAL TERM
- Topical term or geographic name as entry element: कविताएँ
670 ## - SOURCE DATA FOUND
- Source citation: Work cat.: (dpl)20285: प्रकाश मनु 1073, बच्चों की एक सौ एक कविताएँ /, 2008
670 ## - SOURCE DATA FOUND
- Source citation: Work cat.: (dpl)20285: प्रकाश मनु 1073, बच्चों की एक सौ एक कविताएँ /, 2008
